| 000 | 00378nam a22001577a 4500 | ||
|---|---|---|---|
| 003 | OSt | ||
| 005 | 20240111105703.0 | ||
| 008 | 170724b xxu||||| |||| 00| 0 eng d | ||
| 020 | _a9788178087016 | ||
| 040 | _cSEROSOFT | ||
| 100 | _aBOYED,MORRISON | ||
| 245 | _aMORRISON AND BOYD ORGANIC CHEMISTRY | ||
| 260 |
_aDELHI _bPEARSON _c2003 |
||
| 300 | _a1325 | ||
| 942 |
_2ddc _c03 _e6TH |
||
| 999 |
_c35948 _d35948 |
||